Footballeurs français ayant gagné la LDC - Statistiques

Statistiques générales
  • Ce quiz a été pris 189 fois
  • Le résultat moyen est 23 sur 30
Statistiques - réponses
Question Réponse % Correct
Kingsley Coman OUI
99%
Zinédine Zidane OUI
97%
Raphael Varane OUI
97%
Kylian Mbappé NON
96%
Ngolo Kanté OUI
96%
Antoine Griezmann NON
94%
Paul Pogba NON
93%
Lucas Hernandez OUI
93%
Hugo Lloris NON
92%
Ousmane Dembélé OUI
92%
Samir Nasri NON
90%
Franck Ribéry OUI
90%
Didier Deschamps OUI
83%
Patrice Evra OUI
81%
Christopher Nkunku NON
79%
Benjamin Pavard OUI
79%
Robert Pirès NON
77%
Thierry Henry OUI
77%
Olivier Giroud OUI
74%
Samuel Umtiti NON
73%
Dayot Upamecano NON
69%
Bixente Lizarazu OUI
68%
Patrick Vieira NON
65%
Laurent Blanc NON
62%
David Trezeguet NON
60%
Fabien Barthez OUI
59%
Claude Makélélé OUI
58%
Djibril Cissé OUI
47%
Lilian Thuram NON
43%
Théo Hernandez OUI
43%
Aucun quiz correspondant
Distribution des résultats
% des personnes avec chaque résultat
Percentile par nombre de réponses
Votre historique - résultats
Vous n’avez pas pris ce quiz